|
|
|
|
| LEADER |
00000cam a2200000 7i4500 |
| 001 |
0000013759 |
| 005 |
20080129.0 |
| 008 |
080128 |
| 090 |
0 |
0 |
|a 297.577
|b IRA
|
| 100 |
0 |
|
|a Iraqi, Batsinah Al-
|
| 245 |
1 |
0 |
|a 1000 tips mencapai keluarga bahagia
|c Batsinah Al-'Iraqi
|
| 246 |
0 |
|
|a Seribu tips mencapai keluarga bahagia
|
| 260 |
|
|
|a Kuala Lumpur :
|b Darul Fikir ,
|c 2002
|
| 650 |
|
0 |
|a Family life
|x Religious aspect
|x Islam
|
| 650 |
|
0 |
|a Marriage
|x Religious life
|x Islam
|
| 740 |
0 |
|
|a Seribu tips mencapai keluarga bahagia
|
| 999 |
|
|
|a 0001007273
|b Book
|c Adult Collection
|e Perbadanan Perpustakaan Awam Johor
|
| 999 |
|
|
|a 0001007274
|b Book
|c Adult Collection
|e Perbadanan Perpustakaan Awam Johor
|
| 999 |
|
|
|a 0001007275
|b Book
|c Adult Collection
|e Perbadanan Perpustakaan Awam Johor
|